Plastičnosť i sverchplastičnosť metallov /
Na minha lista:
| Autor principal: | |
|---|---|
| Formato: | Livro |
| Idioma: | russo |
| Publicado em: |
Moskva :
Metallurgija,
1975
|
| Assuntos: | |
| Tags: |
Sem tags, seja o primeiro a adicionar uma tag!
|
MARC
| LEADER | 00000nam a22000003a 4500 | ||
|---|---|---|---|
| 001 | stu37514 | ||
| 005 | 20150617225724.4 | ||
| 008 | 920714s1975----xxr-----------------rus-d | ||
| 040 | |a STU |b slo | ||
| 041 | 0 | |a rus | |
| 044 | |a xxr | ||
| 080 | |a 539.214 | ||
| 100 | 1 | |a Kajbyšev, O.A |4 aut | |
| 245 | 1 | |a Plastičnosť i sverchplastičnosť metallov / |c [aut.]O.A. Kajbyšev | |
| 260 | |a Moskva : |b Metallurgija, |c 1975 | ||
| 300 | |a 279 s | ||
| 650 | 7 | |a plasticita |2 stusub | |
| 996 | |b 284M061823 |c M*3316-1 |l MMKN |s A |a 24 |w stu37514_0001 | ||